000 00614nam a22001937a 4500
003 BD-DhJNU
005 20251214064416.0
008 251214b |||||||| |||| 00| 0 eng d
020 _a9840517090
040 _aBD-DhJNU
_bENG
_cBD-DhJNU
_dBD-DhJNU
082 _223
_a551.442
245 _aOptions for Self-reliant Resurgence :
_bCPD's rapid assessment of flood 2004 /
260 _aDhaka :
_bThe University Press Limited,
_c2005.
300 _axix, 109 p. :
_bill. ;
_c22 cm.
504 _aincludes bibliographical reference
650 _aFloods -- Bangladesh
650 _aDisaster relief
942 _2ddc
_cBK
_n0
999 _c2438
_d2438